000
00327nam a22001457a 4500
003
SGT
020
_a
9789385750113
082
_a
954.0954
_b
MAJ
100
_a
MAJUMDAR , R C
245
_a
AN ADVANCED HISTORY OF INDIA
250
_a
4
260
_a
NEW DELHI
_b
TRINITY PRESS
_c
2020
300
_a
XI , 1149
942
_2
ddc
_c
BK
_0
8
999
_c
20955
_d
20955